[Event "ROM-ch U12 Boys"]
[Site "Voineasa"]
[Date "2008.04.17"]
[Round "8"]
[White "Beltechi, Marius Gabriel"]
[Black "Zurgalau, Virgil Sebastian"]
[Result "1-0"]
[WhiteElo "458"]
[BlackElo "551"]
[PlyCount "129"]
[EventDate "2008.04.08"]
[EventType "swiss"]
[EventRounds "9"]
[EventCountry "ROU"]
[SourceTitle "EXT 2013"]
[Source "ChessBase"]
[SourceDate "2012.11.22"]
[SourceVersion "1"]
[SourceVersionDate "2012.11.22"]
[SourceQuality "1"]

1. e4 c5 2. Nf3 e6 3. d4 cxd4 4. Nxd4 d6 5. Nc3 Be7 6. Be2 a6 7. Be3 Nf6 8. Qd2 Nc6 9. 0-0-0 0-0 10. h4 Nxd4 11. Bxd4 e5 12. Be3 Ng4 13. Bxg4 Bxg4 14. f3 Be6 15. Bg5 f6 16. Be3 Qa5 17. Qf2 b5 18. a3 Rab8 19. Nd5 Bxd5 20. Rxd5 Qc7 21. Qg3 Rfc8 22. c3 a5 23. Bh6 g6 24. h5 g5 25. Qg4 b4 26. Qe6+ Kh8 27. Qf7 Bf8 28. Qxf6+ Kg8 29. Qxg5+ Bg7 30. Bxg7 Qxg7 31. Qxg7+ Kxg7 32. axb4 axb4 33. Rd3 Ra8 34. Kd2 bxc3+ 35. Rxc3 Rcb8 36. Rb1 Ra2 37. Rc2 Kh6 38. b4 Rxc2+ 39. Kxc2 Kxh5 40. Kd3 Kg5 41. b5 Kf6 42. Kc4 Ke7 43. b6 Rb7 44. Kb5 Kd7 45. Ra1 Kc8 46. Ra8+ Rb8 47. Rxb8+ Kxb8 48. Kc6 h6 49. Kxd6 Kb7 50. Kxe5 Kxb6 51. f4 Kc7 52. Ke6 Kd8 53. Kf7 h5 54. e5 h4 55. e6 Kc7 56. e7 h3 57. gxh3 Kb6 58. e8Q Kc7 59. h4 Kd6 60. h5 Kc7 61. Qe6 Kb7 62. h6 Kc7 63. h7 Kd8 64. Qe7+ Kc8 65. h8R# 1-0

[Event "ROM-ch U12 Boys"]
[Site "Voineasa"]
[Date "2008.04.15"]
[Round "6"]
[White "Mereuta, Bogdan Catalin"]
[Black "Zurgalau, Virgil Sebastian"]
[Result "1/2-1/2"]
[WhiteElo "614"]
[BlackElo "551"]
[PlyCount "90"]
[EventDate "2008.04.08"]
[EventType "swiss"]
[EventRounds "9"]
[EventCountry "ROU"]
[SourceTitle "EXT 2013"]
[Source "ChessBase"]
[SourceDate "2012.11.22"]
[SourceVersion "1"]
[SourceVersionDate "2012.11.22"]
[SourceQuality "1"]

1. e4 c5 2. Nf3 Nc6 3. d4 cxd4 4. Nxd4 e5 5. Nf3 Nf6 6. Nc3 Bb4 7. Qd3 Bxc3+ 8. Qxc3 Nxe4 9. Qe3 Nf6 10. Nxe5 0-0 11. Nxc6 dxc6 12. Qd3 Qa5+ 13. Bd2 Qe5+ 14. Be2 Qxb2 15. Bc3 Qb6 16. Bxf6 gxf6 17. 0-0 Qc5 18. Qd2 Qg5 19. Qd6 Bh3 20. Qg3 Qxg3 21. fxg3 Rfe8 22. Bd3 Bd7 23. Rxf6 Re6 24. Raf1 Rae8 25. Rxf7 R8e7 26. Bxh7+ Kh8 27. Rxe7 Rxe7 28. Bd3 Bg4 29. h3 Be2 30. Bxe2 Rxe2 31. Rf8+ Kg7 32. Ra8 a6 33. Ra7 Rxc2 34. Rxb7+ Kg6 35. Rb6 Rxa2 36. Rxc6+ Kg5 37. Kh2 a5 38. h4+ Kh5 39. Kh3 Ra3 40. Ra6 a4 41. Rb6 Ra2 42. Rb1 Ra3 43. Rb6 Ra1 44. Rb2 Ra3 45. Rb1 Ra2 1/2-1/2

[Event "ROM-ch U12 Boys"]
[Site "Voineasa"]
[Date "2008.04.14"]
[Round "4"]
[White "Zurgalau, Virgil Sebastian"]
[Black "Deaconu, Mihai Ionut"]
[Result "1/2-1/2"]
[WhiteElo "551"]
[BlackElo "623"]
[PlyCount "126"]
[EventDate "2008.04.08"]
[EventType "swiss"]
[EventRounds "9"]
[EventCountry "ROU"]
[SourceTitle "EXT 2013"]
[Source "ChessBase"]
[SourceDate "2012.11.22"]
[SourceVersion "1"]
[SourceVersionDate "2012.11.22"]
[SourceQuality "1"]

1. e4 c5 2. Nf3 Nc6 3. d4 cxd4 4. Nxd4 e6 5. Nc3 Nf6 6. Be3 Bb4 7. f3 0-0 8. Qd3 d5 9. 0-0-0 Bxc3 10. Qxc3 Bd7 11. Bg5 Nxe4 12. Bxd8 Nxc3 13. bxc3 Raxd8 14. c4 Nxd4 15. Rxd4 Bc6 16. Be2 e5 17. Rd2 dxc4 18. Bxc4 Rxd2 19. Kxd2 Rd8+ 20. Kc3 e4 21. fxe4 Bxe4 22. Rg1 Rc8 23. Kb3 Bxc2+ 24. Kxc2 Rxc4+ 25. Kb3 Rc8 26. Rd1 g6 27. Rd7 Rb8 28. Kc4 Kf8 29. g4 Ke8 30. Rc7 a6 31. g5 Rd8 32. Rxb7 Rd2 33. Rb4 a5 34. Rb8+ Ke7 35. Rb7+ Kf8 36. Kb5 f5 37. gxf6 Rxh2 38. Kxa5 g5 39. Rg7 Rf2 40. Rxg5 Rxf6 41. Kb5 h6 42. Rh5 Kg7 43. a4 Kg6 44. Rh1 Rf5+ 45. Kb6 Rf6+ 46. Ka7 Rf7+ 47. Kb8 Rf8+ 48. Kc7 Rf7+ 49. Kd6 Rf6+ 50. Ke7 Rf7+ 51. Kd6 Rf6+ 52. Ke7 Rf7+ 53. Ke8 Ra7 54. Ra1 h5 55. Kd8 h4 56. Kc8 h3 57. Kb8 Rh7 58. a5 h2 59. Rh1 Rh8+ 60. Kb7 Rh7+ 61. Kb6 Kg5 62. a6 Rh6+ 63. Kb5 Rh8 1/2-1/2

[Event "ROM-ch U12 Boys"]
[Site "Voineasa"]
[Date "2008.04.13"]
[Round "3"]
[White "Zurgalau, Virgil Sebastian"]
[Black "Pricopie, Stefan"]
[Result "1-0"]
[WhiteElo "551"]
[BlackElo "684"]
[PlyCount "81"]
[EventDate "2008.04.08"]
[EventType "swiss"]
[EventRounds "9"]
[EventCountry "ROU"]
[SourceTitle "EXT 2013"]
[Source "ChessBase"]
[SourceDate "2012.11.22"]
[SourceVersion "1"]
[SourceVersionDate "2012.11.22"]
[SourceQuality "1"]

1. e4 c6 2. d4 d5 3. e5 Bf5 4. Nf3 e6 5. Nh4 Bg6 6. Nxg6 hxg6 7. Nc3 Nd7 8. Bf4 f6 9. Qg4 Kf7 10. Bd3 f5 11. Qg3 Qb6 12. 0-0-0 a5 13. a4 Nh6 14. h4 Ng8 15. Qf3 Be7 16. h5 g5 17. Be3 Rb8 18. g4 Nh6 19. gxf5 exf5 20. Bxf5 Ke8 21. Bg6+ Kd8 22. Rhg1 Kc8 23. Bxg5 Bxg5+ 24. Rxg5 Qd8 25. Rg2 Qe7 26. Rdg1 Nf8 27. Bf5+ Nxf5 28. Qxf5+ Ne6 29. Rxg7 Qe8 30. R1g6 Kd8 31. Qxe6 Qxe6 32. Rxe6 Rxh5 33. Rf6 Rh8 34. Rfg6 Re8 35. Rd6+ Kc8 36. Rdd7 Ra8 37. Rc7+ Kb8 38. Rxb7+ Kc8 39. Rgc7+ Kd8 40. Rxc6 Rc8 41. Rd6# 1-0